Statistiques concernant Les plus grandes villes de Belgique A-Z

Cliquez ici pour prendre le quiz!

Statistiques générales

  • Ce quiz a été pris 495 fois
  • Le résultat moyen est 8 sur 22

Statistiques - réponses

LettrePopulationVille% Correct
B179 277Bruxelles
99%
A524 359Anvers
95%
L196 685Liège
86%
C201 939Charleroi
79%
G261 475Gand
77%
N110 590Namur
74%
M95 163Mons
53%
O71 405Ostende
47%
H78 323Hasselt
38%
T69 233Tournai
37%
Y34 836Ypres
35%
V55 083Verviers
21%
S77 644Saint-Nicolas
17%
R62 789Roulers
12%
W38 260Waregem
10%
Z26 573Zottegem
7%
D43 518Deinze
6%
J14 109Jodoigne
5%
F22 858Fleurus
4%
E21 122Eeklo
3%
I27 990Iseghem
3%
P19 693Poperinge
3%

Distribution des résultats

Percentile par nombre de réponses

% des personnes avec chaque résultat

Votre développement - résultats

Vous n’avez pas pris ce quiz